Central Library OPAC University of Rajshahi
Normal view MARC view

Entry Geographic Name

Number of records used in: 2

001 - CONTROL NUMBER

  • control field: 11334

003 - CONTROL NUMBER IDENTIFIER

  • control field: BD-RjUL

005 - DATE AND TIME OF LATEST TRANSACTION

  • control field: 20240201105749.0

008 - FIXED-LENGTH DATA ELEMENTS

  • fixed length control field: 240201|| aca||aabn | a|a d

040 ## - CATALOGING SOURCE

  • Original cataloging agency: BD-RjUL
  • Transcribing agency: BD-RjUL

151 ## - HEADING--GEOGRAPHIC NAME

  • Geographic name: United States
  • General subdivision: Defenses

670 ## - SOURCE DATA FOUND

  • Source citation: Work cat.: (BD-RjUL)82893: Le Queux, William. 11221, The price of power /, c1913.